Fantasía : (Record no. 86272)
[ view plain ]
| 000 -CABECERA | |
|---|---|
| campo de control de longitud fija | 00820nmm a2200205 a 4500 |
| 005 - FECHA Y HORA DE LA ÚLTIMA TRANSACCIÓN | |
| campo de control | 20210219153855.0 |
| 008 - ELEMENTOS DE LONGITUD FIJA--INFORMACIÓN GENERAL | |
| campo de control de longitud fija | 011002s2000 r 000 0 eng d |
| 035 ## - NÚMERO DE CONTROL DEL SISTEMA | |
| Número de control de sistema | UPN01000112364 |
| 049 ## - COLECCIÓN | |
| Colección | I |
| 050 #4 - SIGNATURA TOPOGRÁFICA DE LA BIBLIOTECA DEL CONGRESO | |
| Número de clasificación | LB1029 G3 |
| Número de documento/Ítem | F3.5 |
| 245 00 - MENCIÓN DE TÍTULO | |
| Título | Fantasía : |
| Resto del título | nueva versión. |
| 260 ## - PUBLICACIÓN, DISTRIBUCIÓN, ETC. | |
| Lugar de publicación, distribución, etc. | México : |
| Nombre del editor, distribuidor, etc. | Vermic, |
| Fecha de publicación, distribución, etc. | c2000 |
| 300 ## - DESCRIPCIÓN FÍSICA | |
| Extensión | 1 disco óptico de computador : |
| Otras características físicas | son., col. : |
| Dimensiones | 4 3/4 plg. + |
| Material acompañante/anejo | 1 juguete de plástico. |
| 538 ## - NOTA DE DETALLES DEL SISTEMA | |
| Nota de detalles del sistema | Requisitos del Sistema: Computadora 586 o superior; 8 Mb. de memoria RAM; Windows 9X o superior; 12 Mb. de espacio en Disco Duro para su instalación; Unidad de CD-ROm; Monitor VGA 256 colores; Tarjeta de sonido; Mouse. |
| 500 ## - NOTA GENERAL | |
| Nota general | Edición en español e inglés. |
| 521 ## - NOTA DE AUDIENCIA | |
| Nota de público destinatario | Para edades de 4 a 8 años. |
| 653 0# - TERMINO DE INDIZACION - NO CONTROLADO | |
| Término no controlado | JUEGOS EDUCATIVOS |
| 901 ## - ELEMENTOS DE DATOS A LOCAL LDA (RLIN) | |
| a | 183644 |
| 905 ## - TIPO DE MATERIAL | |
| Tipo de material | Electronicos |
| Estado de retiro | Estado de pérdida | Fuente del sistema de clasificación o colocación | Estado dañado | No para préstamo | Código de colección | Localización permanente | Ubicación/localización actual | Ubicación en estantería | Total de préstamos | Clasificación | Código de barras | Fecha visto por última vez | Número de copia | Tipo de ítem Koha |
|---|---|---|---|---|---|---|---|---|---|---|---|---|---|---|
| Library of Congress Classification | Infantil | Bib. Gregorio Torres Quintero | Bib. Gregorio Torres Quintero | Sala infantil Planta baja | LB1029 G3 F3.5 | 183644 | 31/12/2020 | 1 | Formato Digital |
